| 000 | 01089nam a2200277 i 4500 | ||
|---|---|---|---|
| 003 | EG-GICUC | ||
| 005 | 20260506202434.0 | ||
| 008 | 260506s1973 nyu||||f |||| 00| 0 eng d | ||
| 040 |
_aEG-GiCUC _beng _cEG-GiCUC _dEG-GiCUC _erda |
||
| 082 | 0 | 4 |
_221 _a300.8 |
| 092 | 0 | 4 | _221 |
| 099 | _aLaw1 11 300.8 UN . S 1973 1109945 C1 | ||
| 110 | 2 |
_aUnited Nations. _bDepartment of Economic and Social Affairs. _eAuthor. |
|
| 245 | 1 | 0 |
_aSecond United Nations desalination plant operation survey : _ba technical and economic analysis of the performance of desalination plants in operation / _cDepartment of Economic and Social Affairs. |
| 264 |
_aNew York : _bUnited Nations, _c1973. |
||
| 300 |
_a126 pages : _bgraphs ; _c24 cm |
||
| 336 |
_2rda content _atext |
||
| 337 |
_2rda media _aComputer |
||
| 338 |
_2rda carrier _aOnline Resource |
||
| 500 | _a"United Nations publication. Sales no. E.73.II.A.10." | ||
| 650 | 1 |
_aSaline water conversion plants. _2qrmak |
|
| 651 | 1 | _2qrmak | |
| 856 | 4 | 0 | _uhttps://fll.law.cu.edu.eg/fulltext/bks/B11-09945.pdf |
| 905 | _a162 | ||
| 942 |
_2ddc _cBK _e21 _n0 |
||
| 999 |
_c76060 _d76060 |
||